El teatro y el cinematógrafo norteamericanos (Record no. 75303)

MARC details
000 -LEADER
campo de control de longitud fija 00702nam a2200205 i 4500
001 - NÚMERO DE CONTROL
campo de control 75303
003 - IDENTIFICADOR DE NÚMERO DE CONTROL
campo de control ES-MaACL
005 - FECHA Y HORA DE LA ÚLTIMA TRANSACCIÓN
campo de control 20250807123408.0
007 - CAMPO FIJO DE DESCRIPCIÓN FÍSICA--INFORMACIÓN GENERAL
campo de control de longitud fija t|
008 - DATOS DE LONGITUD FIJA--INFORMACIÓN GENERAL
campo de control de longitud fija 040923s1932 sp f |||| | spa d
100 1# - ENTRADA PRINCIPAL--NOMBRE DE PERSONA
Nombre de persona Gregor, Joseph.
9 (RLIN) 59888
245 13 - MENCIÓN DEL TÍTULO
Título El teatro y el cinematógrafo norteamericanos
Resto del título : estudios históricos-culturales /
Mención de responsabilidad, etc. por J. Gregor y R. Fülöp-Miller.
260 ## - PUBLICACIÓN, DISTRIBUCIÓN, ETC.
Lugar de publicación, distribución, etc. Barcelona :
Nombre del editor, distribuidor, etc. Gustavo Gili,
Fecha de publicación, distribución, etc. 1932.
300 ## - DESCRIPCIÓN FÍSICA
Extensión 115 p., 151 lám. ;
Dimensiones 32 cm.
650 04 - PUNTO DE ACCESO ADICIONAL DE MATERIA--TÉRMINO DE MATERIA
Término de materia o nombre geográfico como elemento de entrada Teatro norteamericano-
Subdivisión general Historia y crítica.
9 (RLIN) 162129
650 ## - PUNTO DE ACCESO ADICIONAL DE MATERIA--TÉRMINO DE MATERIA
Término de materia o nombre geográfico como elemento de entrada Cine-
Subdivisión geográfica Estados Unidos.
9 (RLIN) 171050
700 1# - ENTRADA AGREGADA--NOMBRE PERSONAL
Nombre de persona Fülöp-Miller, René,
Fechas asociadas al nombre 1891-1963
9 (RLIN) 53012
852 ## - LOCALIZACIÓN
Ubicación ES-MaACL
Número de control de estantería G-4888
Holdings
Estatus retirado Estado de pérdida Estado de daño No para préstamo Biblioteca de origen Biblioteca actual Ubicación en estantería Fecha de adquisición Fuente de adquisición Total de préstamos Signatura topográfica completa Código de barras Visto por última vez Precio de reemplazo Tipo de ítem Koha
        Biblioteca del Ateneo de Madrid Biblioteca del Ateneo de Madrid Depósito 2 17/01/2008     G-4888 1078818 23/02/2023 23/02/2023 Libro impreso